000 00727cab a2200253 4500
001 WB3301-12
008 090401t1996 xxu||||| |||| 00| 0 eng d
035 _a(Sirsi) u12780
041 _aeng
245 _aWembley wins
260 _c1996
350 _a0
490 _aTimes
_v17 December 1996, 2
490 _aFinancial Times
_v18 December 1996, 10(2)
520 _aLondon has won the £100m lottery grant for a new national football and athletics stadium at Wembley.
650 _aFOOTBALL STADIA
650 _aLOTTERY FUNDS
650 _aNATIONAL LOTTERY
650 _aWEMBLEY STADIUM
690 _aBUILDING AND CONSTRUCTION-PROJECTS
690 _aLEISURE AND RECREATION
942 _n0
948 _c04/03/1997
999 _c8189
_d8189